000 00430nam a2200169Ia 4500
005 20250423100953.0
008 250422s9999 xx 000 0 und d
020 _a9788073085414
050 _aDT 85 .V47/
100 _aVerner, Miroslav
245 0 _aSons of the sun: rise and decline of fifth dynasty
260 _aPraha
260 _bFaculty of art, Charles University
260 _c2014
300 _a306 p
942 _cBK
999 _c34896
_d34896